000 00357nam a2200145Ia 4500
008 150201s2002 xx 000 0 und d
082 _a610
_b02002M
100 _aOXFORD
245 _aOXFORD HAND BOOK OF CLINICAL SURGERY
250 _a1ST
260 _bOXFORD UNIVERSITY PRESS
_aNEW DELHI
_c2002
300 _a1-930
650 _aSURGERY
942 _2ddc
_cBK
999 _c2648
_d2648